000 00644nam a2200217Ia 4500
999 _c54733
_d54733
001 21800
003 GE_BSU
005 20220517174103.0
008 181216s ||||ge |||||||||||||| ||eng||
020 _a9789941952647
040 _cGE_BSU
080 _a821.133.1-1 M-10
100 _aMzarelua, Khatuna
_913768
245 _aDes arbres amoureux :
_bPoemes choisis /
_cKhatuna Mzarelua ; Couverture par Kobakhidze, Manana (ყდის დიზაინი)
264 _aTbilisi :
_bAgora,
_c2017.
300 _a94 p. ;
_c16 cm.
541 _h3 ლ.
653 _aDes arbres amoureux
653 _aლექსები
942 _cBK
_2udc